000 01886cam a2200265 4500
001 ABS66737
008 111208n2003 000 0 eng u
035 _a(Sirsi) u122294
245 4 _aThe "Scottish outdoor access code" public consultation
260 _c2003
490 _aLandowning in Scotland
_v(274) April/May 2003, 11(1)
520 _aThe Land Reform (Scotland) Act 2003 has established rights of access to land and inland water in Scotland for passage, recreational and educational activities and certain commercial activities. The Act goes on to explain the need for access rights and land management to be carried out responsibly. Scottish Natural Heritage (SNH) published a draft "Scottish outdoor access code" for public consultation in order to outline what responsible behaviour is and to provide a point of reference. Responses are invited on the draft document, to be received by 20 June 2003. Urges landowners and managers to read and respond to the draft documentation and the particular areas SNH want commented on. Outlines the aim of the code, its principles and areas of special interest to landowners and managers. Copies of the code are available from [email protected] or Bridget Dales, SNH, Battleby, Redgorton, Perth PH1 3EW; t +44 (0)1738 444177.
590 _aABS
650 _aLAND REFORM (SCOTLAND) ACT 2003
650 _aRIGHTS OF WAY
650 _aSCOTLAND
650 _aACCESS TO LAND
650 _aCOUNTRYSIDE
650 _aPUBLIC CONSULTATIONS
650 _aSCOTTISH OUTDOOR ACCESS CODE
690 _aPROPERTY
856 4 0 _uhttps://www.outdooraccess-scotland.com/
_zView the Scottish Outdoor Access Code free of charge at www.outdooraccess-scotland.com
856 4 0 _uhttps://www.legislation.gov.uk/asp/2003/2/contents
_zView the Land Reform Act (Scotland) Act 2003 free of charge at www.legislation.gov.uk
942 _n0
999 _c72678
_d72678